National Journal of Research in Management (Record no. 97691)

MARC details
000 -LEADER
fixed length control field 00295nam a2200097Ia 4500
008 - FIXED-LENGTH DATA ELEMENTS--GENERAL INFORMATION
fixed length control field 230206s9999 xx 000 0 und d
041 ## - LANGUAGE CODE
Language code of text/sound track or separate title eng
100 ## - MAIN ENTRY--PERSONAL NAME
Personal name Joshi P, Ed. & Parmar J, Ed.
9 (RLIN) 119239
245 ## - TITLE STATEMENT
Title National Journal of Research in Management
260 ## - PUBLICATION, DISTRIBUTION, ETC. (IMPRINT)
Date of publication, distribution, etc. 2011
Name of publisher, distributor, etc. UKA Tarsadia University
Place of publication, distribution, etc. Gujarat
Holdings
Withdrawn status Lost status Damaged status Not for loan Home library Current library Date acquired Vendor Serial Enumeration / chronology Total Checkouts Full call number Barcode Date last seen Bill Date Koha item type Original Barcode
        Smt. Hiraben Nanavati Institute of Management & Research for Women Smt. Hiraben Nanavati Institute of Management & Research for Women 17/11/2016 Satya Gilani Dec. 2011 to June 2013 ( vol.1 No.2 to Vol.3 No.1)   658.018/JOS BV0175 HIMR-BV-175 06/02/2023 06/02/2023 Bound Volume BV0175